Narración audiovisual: investigaciones
Guardat en:
| Autor principal: | |
|---|---|
| Format: | Llibre |
| Idioma: | espanyol |
| Publicat: |
Madrid
Ediciones del Laberinto S. L
2006
|
| Edició: | 2a. ed |
| Col·lecció: | Laberinto Comunicación, 3
|
| Matèries: | |
| Etiquetes: |
Afegir etiqueta
Sense etiquetes, Sigues el primer a etiquetar aquest registre!
|
MARC
| LEADER | 00000cam a2200000 a 4500 | ||
|---|---|---|---|
| 001 | UCD5785 | ||
| 003 | CL-VaPUC | ||
| 008 | 161007e20060000sp |||||||||||||||||spa|d | ||
| 020 | |a 8484830217 | ||
| 082 | 0 | 4 | |a 302.23 |b PEÑ |2 21 |
| 100 | 0 | |a Peña Timón, Vicente |e author |9 589541 | |
| 245 | 1 | 0 | |a Narración audiovisual: investigaciones |
| 250 | |a 2a. ed | ||
| 300 | |a 176 p | ||
| 942 | |c BK | ||
| 945 | |d 20161007 09:49:00 |a dcastane | ||
| 260 | |a Madrid |b Ediciones del Laberinto S. L |c 2006 | ||
| 650 | 0 | |a Medios de comunicación de masas |9 257273 | |
| 650 | 7 | |a MATERIAL AUDIOVISUAL |2 CL-VaPUC |9 308466 | |
| 650 | 0 | |a Comunicación audiovisual |9 268089 | |
| 583 | |a last modification |c 20161007 09:49:00 |k Rodrigo Vera | ||
| 490 | 0 | |a Laberinto Comunicación, 3 | |
| 999 | |c 366337 |d 366335 | ||
| 952 | |0 0 |1 0 |3 erb |4 0 |6 302_230000000000000_PEÑ_2006 |7 0 |8 A |9 480522 |a BIBCUR |b BIBCUR |i 5344751 |o 302.23 PEÑ 2006 |p 5344751 |r 2025-04-22 |w 2019-11-24 |y BK |z Catalogado en:20161007 |k PER | ||
| 952 | |0 0 |1 0 |3 erb |4 0 |6 302_230000000000000_PEÑ_2006 |7 0 |8 A |9 480523 |a BIBCUR |b BIBCUR |i 5436036 |o 302.23 PEÑ 2006 |p 5436036 |r 2025-04-22 |w 2019-11-24 |y BK |z Catalogado en:20171117 |k PER | ||